PENSADORES RUSOS (Registro nro. 32493)

Detalles MARC
000 -CABECERA
campo de control de longitud fija 00635nam a2200205Ia 4500
005 - FECHA Y HORA DE LA ÚLTIMA TRANSACCIÓN
campo de control 20260604225058.0
008 - DATOS DE LONGITUD FIJA--INFORMACIÓN GENERAL
campo de control de longitud fija 210422s9999 xx 000 0 und d
020 ## - NÚMERO INTERNACIONAL ESTÁNDAR DEL LIBRO
Número Internacional Estándar del Libro 968-16-0369-9
041 ## - CÓDIGO DE LENGUA
Código de lengua del texto/banda sonora o título independiente ESPAÑOL
082 ## - NÚMERO DE LA CLASIFICACIÓN DECIMAL DEWEY
Número de clasificación 305.55
Número de documento/Ítem B47
100 ## - ENTRADA PRINCIPAL--NOMBRE DE PERSONA
Nombre de persona BERLIN, ISAIAH
245 #0 - MENCIÓN DE TÍTULO
Título PENSADORES RUSOS
260 ## - PUBLICACIÓN, DISTRIBUCIÓN, ETC.
Lugar de publicación, distribución, etc. MEXICO
Nombre del editor, distribuidor, etc. FONDO DE CULTURA ECONOMICA
Fecha de publicación, distribución, etc. 1979
300 ## - DESCRIPCIÓN FÍSICA
Extensión 557 . PAGINAS.
Dimensiones 16.4CM X 10.3 CM
505 ## - NOTA DE CONTENIDO CON FORMATO
Nota de contenido con formato LA INTELLIGENTSIA RUSA ES UNA DE LAS PRESENCIAS CLAVES FUNDADORAS PARA EN LA SEGUNDA MITAD DEL SIGLO XIX.
650 ## - PUNTO DE ACCESO ADICIONAL DE MATERIA--TÉRMINO DE MATERIA
Término de materia o nombre geográfico como elemento de entrada CIENCIAS SOCIALES
650 ## - PUNTO DE ACCESO ADICIONAL DE MATERIA--TÉRMINO DE MATERIA
Término de materia o nombre geográfico como elemento de entrada GRUPOS SOCIALES
700 ## - PUNTO DE ACCESO ADICIONAL--NOMBRE DE PERSONA
Nombre de persona ISAIAH BERLIN
942 ## - ELEMENTOS DE PUNTO DE ACCESO ADICIONAL (KOHA)
Tipo de ítem Koha Libros General
Fuente del sistema de clasificación o colocación Dewey Decimal Classification
Existencias
Estado de retiro Estado de pérdida Fuente del sistema de clasificación o colocación Estado dañado No para préstamo Código de colección Localización permanente Ubicación/localización actual Ubicación en estantería Fecha de adquisición Fuente de adquisición Información codificada de la localización en otra ubicación Total de préstamos Signatura topográfica completa Código de barras Fecha visto por última vez Número de copia Precio válido a partir de Tipo de ítem Koha Identificador Uniforme del Recurso
    Dewey Decimal Classification     Colección General BFC BIBLIOTECA PÚBLICA CENTRAL ESTATAL “FRANCISCO CERVANTES” BIBLIOTECA PÚBLICA CENTRAL ESTATAL “FRANCISCO CERVANTES” ACCESO "C" PLANTA BAJA 04/22/2021 DGB ACCESO C P   305.55 B47 5502 04/22/2021 EJ.2 04/22/2021 Libros General  
    Dewey Decimal Classification   Préstamo en Sala Colección General BFC BIBLIOTECA PÚBLICA CENTRAL ESTATAL “FRANCISCO CERVANTES” BIBLIOTECA PÚBLICA CENTRAL ESTATAL “FRANCISCO CERVANTES” ACCESO "C" PLANTA BAJA 04/22/2021 DGB     305.55 B47 5501 04/22/2021 EJ.1 04/22/2021 Libros General  
    Dewey Decimal Classification   Préstamo en Sala Colección General BFC BIBLIOTECA PÚBLICA CENTRAL ESTATAL “FRANCISCO CERVANTES” BIBLIOTECA PÚBLICA CENTRAL ESTATAL “FRANCISCO CERVANTES” ACC." C" PLANTA BAJA 06/04/2026 DGB ACCESO C P   305.55 B47   06/04/2026   06/04/2026 Libros General EJ.1